|
|
|
|
| LEADER |
00000nab a2200000 a 4500 |
| 001 |
vtls011102093 |
| 003 |
SK-MaSNL |
| 005 |
20260225205235.0 |
| 008 |
230222|1997 xo |||||||||||||||||slo| |
| 015 |
|
|
|a SNBRB
|
| 035 |
|
|
|a (uuid)26146a75-8e31-47d5-9f4b-37dacfe1f5d6
|
| 035 |
|
|
|a (urnnbn)urn:nbn:sk:snk:ar-007acm
|
| 035 |
|
|
|a urn:nbn:sk:snk-ab989i
|
| 040 |
|
|
|a SNKBUCL
|b slo
|c SNKBUCL
|e AACR2
|
| 041 |
0 |
|
|a slo
|
| 044 |
|
|
|a xo
|c SK
|
| 100 |
1 |
|
|a Mlacek, Jozef,
|4 aut
|d 1937-
|
| 245 |
1 |
0 |
|a Príspevky k jazykovej charakteristike Slovenských prísloví, porekadiel a úsloví A. P. Zátureckého
|c Jozef Mlacek
|
| 773 |
0 |
|
|t Studia Academica Slovaca : prednášky ... letnej školy slovenského jazyka a kultúry
|g Roč. 26, č. 26 (1997), s. 229-268
|
| 954 |
|
|
|a odborná, vedecká literatúra pôvodná (slovenská)
|2 lita
|
| 958 |
|
|
|a OND
|
| 958 |
|
|
|a EUIPO
|
| 958 |
|
|
|a article13
|
| 999 |
|
|
|c 2007191
|d 2009121
|